[Event "Regionalliga Mittelrhein 1011"]
[Site "Germany"]
[Date "2011.05.01"]
[Round "9.4"]
[White "Hagemann, Stephan"]
[Black "Fournell, Udo"]
[Result "1/2-1/2"]
[WhiteElo "1953"]
[BlackElo "1977"]
[PlyCount "28"]
[EventDate "2010.10.24"]
[EventType "team"]
[EventRounds "9"]
[EventCountry "GER"]
[SourceTitle "EXT 2015"]
[Source "ChessBase"]
[SourceDate "2014.11.20"]
[SourceVersion "1"]
[SourceVersionDate "2014.11.20"]
[SourceQuality "1"]
[WhiteTeam "Horrem"]
[BlackTeam "Aachen PTSV"]
[WhiteTeamCountry "GER"]
[BlackTeamCountry "GER"]

1. c4 c5 2. Nf3 Nf6 3. g3 g6 4. Bg2 Bg7 5. 0-0 0-0 6. d4 cxd4 7. Nxd4 Nc6 8. Nc3 Nxd4 9. Qxd4 d6 10. e4 Be6 11. Qd3 Nd7 12. Nd5 Bxd5 13. cxd5 Nc5 14. Qe2 a5 1/2-1/2

[Event "Regionalliga Mittelrhein 1011"]
[Site "Germany"]
[Date "2010.12.12"]
[Round "3.4"]
[White "Hagemann, Stephan"]
[Black "Dierkes, Tobias"]
[Result "1/2-1/2"]
[WhiteElo "1953"]
[BlackElo "2058"]
[PlyCount "65"]
[EventDate "2010.10.24"]
[EventType "team"]
[EventRounds "9"]
[EventCountry "GER"]
[SourceTitle "EXT 2015"]
[Source "ChessBase"]
[SourceDate "2014.11.20"]
[SourceVersion "1"]
[SourceVersionDate "2014.11.20"]
[SourceQuality "1"]
[WhiteTeam "Horrem"]
[BlackTeam "Niederkassel"]
[WhiteTeamCountry "GER"]
[BlackTeamCountry "GER"]

1. c4 e5 2. Nc3 Nf6 3. Nf3 Nc6 4. e3 d6 5. d4 Be7 6. dxe5 Nxe5 7. Nxe5 dxe5 8. Qxd8+ Bxd8 9. Be2 Be6 10. 0-0 c6 11. b3 0-0 12. Bb2 Bc7 13. Rfd1 Rad8 14. Kf1 Rxd1+ 15. Rxd1 Rd8 16. Rxd8+ Bxd8 17. e4 Be7 18. Bd3 Nd7 19. Ke2 f6 20. Bc1 Nc5 21. Be3 a5 22. Kd2 Kf7 23. f3 Ke8 24. Bc2 Bd7 25. a3 Ne6 26. Nb1 Bc5 27. Bxc5 Nxc5 28. b4 axb4 29. axb4 Ne6 30. c5 Kd8 31. Na3 Nd4 32. Nc4 Kc7 33. Nb6 1/2-1/2